| 000 | 00649nam a2200205 a 4500 | ||
|---|---|---|---|
| 005 | 20140310183552.0 | ||
| 008 | 111015s19uu xx 00 eng d | ||
| 020 | _a0205496067 | ||
| 050 |
_aLC 4015 _b.C66 2007 |
||
| 100 | _aCoots, Jennifer | ||
| 245 |
_aCritical reflections about students with special needs : _bstories from the classroom / _cJennifer Coots, Kristin Stout, editors. |
||
| 260 |
_aBoston : _bPearson, _c2006. |
||
| 300 |
_a147 p. : _bill ; _c26 cm. |
||
| 521 | _aEDU | ||
| 650 |
_aChildren with disabilities _xEducation |
||
| 650 | _aSpecial education | ||
| 700 | _aStout, Kristin | ||
| 942 |
_cBK _2lcc _kFOR |
||
| 999 |
_c24973 _d24973 |
||